|
|
|
|
| LEADER |
00000nab a2200000 a 4500 |
| 001 |
vtls000460401 |
| 003 |
SK-MaSNL |
| 005 |
20260305000307.0 |
| 008 |
230120c1992 xo 0 slo |
| 015 |
|
|
|a SNBRB19rr/mm-uuuuu
|
| 035 |
|
|
|a CL0460533
|
| 035 |
|
|
|a urn:nbn:sk:snk-ab6igd
|
| 035 |
|
|
|a (uuid)7ef7a9ea-1d07-432f-adf3-b54eaf306abf
|
| 035 |
|
|
|a (urnnbn)urn:nbn:sk:snk:ar-003u80
|
| 040 |
|
|
|a SNKBUCL
|b slo
|c SNKBUCL
|e AACR2
|
| 041 |
0 |
|
|a slo
|
| 044 |
|
|
|a xo
|c SK
|
| 080 |
|
|
|a 262.1-051:061.4
|2 1981
|
| 080 |
|
|
|a 061.4
|2 1981
|
| 080 |
|
|
|a 061-051
|2 1981
|
| 080 |
|
|
|a 07-051
|2 1981
|
| 080 |
|
|
|a 930.1-051
|2 1981
|
| 080 |
|
|
|a 027.54
|2 1981
|
| 080 |
|
|
|a 929 Lacko, Michal
|2 1981
|
| 100 |
1 |
|
|a Keruľová, Anna
|4 aut
|9 275167
|
| 245 |
1 |
0 |
|a Spomienka na prof. Michala Lacka, S. J
|c Anna Keruľová, Eva Kundrátová ; Michal Lacko
|
| 300 |
|
|
|b Obr. 1.
|
| 600 |
1 |
7 |
|a Lacko, Michal,
|d 1920-1982
|2 snkbucl
|9 142444
|
| 600 |
1 |
7 |
|a Lacko, Michal,
|d 1920-1982
|2 snkbucl
|9 142444
|
| 610 |
2 |
7 |
|a Štátna vedecká knižnica v Košiciach
|2 snkbucl
|9 252348
|
| 650 |
0 |
7 |
|a Slováci v zahraničí
|2 snkbucl
|9 14695
|
| 651 |
|
7 |
|a Taliansko
|2 snkbucl
|9 21019
|
| 655 |
|
7 |
|a články z novín a časopisov
|2 snkbucl
|9 267496
|
| 655 |
|
7 |
|a články z odboru knihovníctvo
|2 snkbucl
|9 166141
|
| 700 |
1 |
|
|a Kundrátová, Eva,
|d 1939-2008
|4 aut
|9 37838
|
| 773 |
0 |
|
|t Knižnice a informácie
|g Roč. 24, č. 8-9 (1992), s. 405-406
|
| 850 |
|
|
|a Slovenská národná knižnica v Martine
|a MTA001
|
| 852 |
|
|
|a SNK
|b KIS3GCP
|
| 954 |
|
|
|a odborná, vedecká literatúra pôvodná (slovenská)
|2 lita
|
| 957 |
|
|
|a 5302
|
| 958 |
|
|
|a RK
|
| 958 |
|
|
|a KL
|
| 958 |
|
|
|a OND
|
| 958 |
|
|
|a EUIPO
|
| 958 |
|
|
|a article2022
|
| 992 |
|
|
|a RBX
|
| 999 |
|
|
|c 3212972
|d 3214902
|